000
00247nam a2200097Ia 4500
001
806714
005
20250826171217.0
008
250824s9999 xx 000 0 und d
245
0
_a
ÖLÜM DİKEN SÜTÜNDE
_c
AGATHA CHRISTIE
260
_b
ALTIN YAYINLARI
999
_c
806714
_d
806714